| 000 | 00408 a2200133 4500 | ||
|---|---|---|---|
| 001 | 91407 | ||
| 082 | _aPR 1303 | ||
| 090 |
_c43537 _d43536 |
||
| 100 | _aAli Mehmood; Shahzad Arshad (Advisor) | ||
| 245 |
_aSmall Signal S-Parameter estimation of Packaged and on water Hemts Using artificial Neural Networks _n72 "B" EC |
||
| 260 |
_aRawalpindi _bNUST _c2012 |
||
| 300 | _ax, 53p | ||
| 500 | _aBE Project Repots | ||
| 942 |
_aCAE NUST _kPR 1303 |
||
| 999 |
_c326480 _d326480 |
||